000 00747nam a2200241Ia 4500
005 20260430150648.0
008 008 250103s9999 xx 000 0 eng d
037 _aTheses
040 _aCRL
040 _beng
040 _ceng
041 _2eng
041 _aeng
084 _qCRL
100 _aGunjan Au.; Bhagat Sunita Gu.
_91238142
245 0 _aExploration of Synthetic Strategies, Computational Modeling, and Biological Assessment: Unveiling the Potential of Some Biologically Important Heterocycles and Marine Natural Compounds
260 _c2024
300 _a277p.
650 _aChemistry
700 _aUniversity of Delhi. Faculty of Science. Deptt. of Chemistry
_91236464
942 _cTH
999 _c1850331
_d1850331